| 000 -LEADER |
| fixed length control field |
00584nam a22001577a 4500 |
| 020 ## - INTERNATIONAL STANDARD BOOK NUMBER |
| ISBN |
9798886979527 |
| 082 ## - DEWEY DECIMAL CLASSIFICATION NUMBER |
| Classification number |
330 |
| Item number |
L5253 2023 |
| 100 ## - MAIN ENTRY--AUTHOR NAME |
| Personal name |
Leiashyvily, Paata, author. |
| 245 ## - TITLE STATEMENT |
| Title |
The economy as a complex system of economic actions : in search of a new diagram / Paata Leiashyvily. |
| 260 ## - PUBLICATION, DISTRIBUTION, ETC. (IMPRINT) |
| Place of publication |
New York, NY : |
| Name of publisher |
Nova Science Publisher, |
| Year of publication |
c2023. |
| 300 ## - PHYSICAL DESCRIPTION |
| Number of Pages |
1 online resource, xvii, 228 pages : |
| Other physical details |
illustrations. |
| 490 ## - SERIES STATEMENT |
| Series statement |
Economic issues, problems and perspectives |
| 500 ## - GENERAL NOTE |
| General note |
Includes bibliographical references and index. |
| 650 ## - SUBJECT ADDED ENTRY--TOPICAL TERM |
| Topical Term |
Economics. |
| 942 ## - ADDED ENTRY ELEMENTS (KOHA) |
| Koha item type |
Electronic Books |